000 00487nam a2200181Ia 4500
001 2694
005 20260306144825.0
008 260306t2012||||xx |||||||||||||| ||spa||
041 _aESP
082 _a211.6
_bF31 2012
100 _aFazio Fernández, Mariano
_eAUT
245 0 _aHistoria de las ideas contemporáneas:
_buna lectura del proceso de secularización
260 _c2012
300 _a491 páginas :
_c24 cm.
650 _aGEN
654 _aCHU
942 _cLIB
_dJUS
_fJUS
_2ddc
_n
999 _c2694
_d2694